| 000 -LEADER | |
|---|---|
| fixed length control field | 00373nam a22001457a 4500 |
| 005 - DATE AND TIME OF LATEST TRANSACTION | |
| control field | 20210827155008.0 |
| 008 - FIXED-LENGTH DATA ELEMENTS--GENERAL INFORMATION | |
| fixed length control field | 190604b xxu||||| |||| 00| 0 eng d |
| 020 ## - INTERNATIONAL STANDARD BOOK NUMBER | |
| ISBN | 978-33-86943-07-1 |
| 041 ## - LANGUAGE CODE | |
| Language code of text/sound track or separate title | eng |
| 100 ## - MAIN ENTRY--AUTHOR NAME | |
| Personal name | SACHDEVA, , MONIKA AND DHOLPURIA, RAJESH |
| 245 ## - TITLE STATEMENT | |
| Title | REMEDIAL BIOLOGY (SEM-I) |
| 260 ## - PUBLICATION, DISTRIBUTION, ETC. (IMPRINT) | |
| Place of publication | PUNE |
| Name of publisher | NIRALI PRAKASHAN |
| 300 ## - PHYSICAL DESCRIPTION | |
| Number of Pages | B.1p, |
| 942 ## - ADDED ENTRY ELEMENTS (KOHA) | |
| Koha item type | Books |
| Lost status | Damaged status | Collection code | Home library | Current library | Shelving location | Date acquired | Source of acquisition | Cost, normal purchase price | Full call number | Accession Number | Koha item type |
|---|---|---|---|---|---|---|---|---|---|---|---|
| PHARMACY | JRU Library | JRU Library | SHELF - 17 - I | 04/06/2019 | PURCHESS | 320.00 | 615.32 | 22974 | Books | ||
| PHARMACY | JRU Library | JRU Library | Shelf - 23- I | 04/06/2019 | PURCHESS | 320.00 | 615.32 | 22975 | Books | ||
| Reference | JRU Library | JRU Library | SHELF - 10 - D | 04/06/2019 | PURCHESS | 320.00 | 615.32 | 22976 | Books |